| 000 | 00653nam a2200205 a 4500 | ||
|---|---|---|---|
| 005 | 20240316063919.0 | ||
| 008 | 991125s1974 mx 000 0 spa u | ||
| 035 | _aUPN01000037887 | ||
| 049 | _aCG | ||
| 050 | 4 |
_aHF5386 _bM3.48 |
|
| 100 | 1 |
_aMager, Robert Frank, _d1923- _929098 |
|
| 245 | 1 | 0 |
_aMejor dirección, mayor eficiencia en la escuela y el trabajo / _cRobert F. Mager, Peter Pipe ; tr. Alejandro Vega. |
| 260 |
_aMéxico : _bCentro Regional de Ayuda Técnica, AID, _c1974. |
||
| 300 |
_a137 p. : _bil. |
||
| 650 | 4 |
_aAdministración _928 |
|
| 650 | 4 |
_aÉxito _97041 |
|
| 700 | 1 |
_aPipe, Peter, _ecoaut. |
|
| 905 | _aLibro | ||
| 999 |
_c37887 _d37887 |
||